British Landmarks Quiz Stats

 Plays Quiz Updated Nov 12, 2018

Also try: American Landmarks
Challenge
Share
Tweet
Score 0/30 Timer 07:00
10 Plays Today
# Landmark % Correct
2Stonehenge
96.8%
3Palace of Westminster
91.1%
7London Eye
80.4%
8Tower Bridge
77.2%
15Buckingham Palace
75.4%
5Trafalgar Square
69.2%
25White Cliffs of Dover
67.1%
1810 Downing Street
66.3%
14Hadrian's Wall
63.1%
4St. Paul's Cathedral
62.9%
1Tower of London
60.1%
10Westminster Abbey
58.9%
20The Globe Theatre
55.1%
6Millennium Dome
53.9%
19Angel of the North
45.9%
# Landmark % Correct
16Blackpool Tower
45.2%
9Edinburgh Castle
44.2%
28Great Bath
43.9%
2330 St. Mary Axe
42.2%
13Piccadilly Circus
41.6%
24Giant's Causeway
36%
21Loch Ness
35.8%
22Windsor Castle
31.4%
17Tate Modern
26.1%
27Forth Bridge
26.1%
26British Museum
23.9%
12Royal Liver Building
19.1%
30City Hall (London)
11.1%
11Lincoln Cathedral
10.1%
29Falkirk Wheel
8.1%

You're not logged in!

Compare scores with friends on all Sporcle quizzes.
OR
Log In

You Might Also Like...

Show Comments

Extras

Top Quizzes Today


Score Distribution

Your Account Isn't Verified!

In order to create a playlist on Sporcle, you need to verify the email address you used during registration. Go to your Sporcle Settings to finish the process.

Report this User

Report this user for behavior that violates our Community Guidelines.

Details: